000 00225nam a22000857a 4500
008 161101b xxu||||| |||| 00| 0 eng d
100 _91005
_aGoel.D,K,etal.
245 _aAccountancy-XII
260 _aNew Delhi
_bA.P Publications
_c2012
999 _c3665
_d3665